000 00349nab a22001097u 4500
008 130520b2007 xxu||||| |||| 00| 0 spa d
041 _aspa
100 1 _aBoff, Leonardo
_d1938-
_94027
245 0 0 _a¿Es el Cristo cósmico mayor que Jesús de Nazaret?
_cLeonardo Boff
773 0 _tConcilium
_gnº319,2007,págs. 69-78
_x0210-1041
_wRev134
942 _cAR
999 _c380470
_d380470